Kemajuan dunia pengkomputeran

Bibliographic Details
Main Author: Noor Azilawati Mohd Sabda
Format: Book
Published: Petaling Jaya : Pustaka Nurul , 2010
Series:Inovasi memacu gaya hidup
Subjects:

MARC

LEADER 00000cam a2200000 7i4500
001 0000140351
005 20100609.0
020 |a 9789675449109 
090 0 0 |a 004   |b NOO 
100 0 |a Noor Azilawati Mohd Sabda 
245 1 0 |a Kemajuan dunia pengkomputeran   |c Noor Azilawati Mohd Sabda 
260 |a Petaling Jaya :   |b Pustaka Nurul ,   |c 2010 
300 |a 60p. ;   |c 26cm. 
490 0 |a Inovasi memacu gaya hidup 
650 0 0 |a Computers   |x Juvenile literature 
999 |a 00235054   |b BUKU   |c JUNIOR BOOKS   |e PERPUSTAKAAN KOMUNITI PETALING JAYA 
999 |a 00235055   |b BUKU   |c JUNIOR BOOKS   |e PERPUSTAKAAN KOMUNITI CAW KOTA DAMANSARA 
999 |a 00278073   |b BUKU   |c JUNIOR BOOKS   |e PERPUSTAKAAN KOMUNITI CAW TAMAN MEDAN